000 00269nam a22001217a 4500
008 170713b xxu||||| |||| 00| 0 eng d
041 _aeng
080 _a17
100 _a24
101 _aFIL
245 _aA HUNDRED YEARS PHILOSOPHY
_cFURLONE.T
942 _2udc
_cBK
999 _c20571
_d20571